Statistics for Stand by Me (movie)

Click here to take the quiz!

General Stats

  • This quiz has been taken 79 times
  • The average score is 9 of 16

Answer Stats

HintAnswer% Correct
Who plays Chris?River Phoenix
73%
Who is Gordie's number one best friend (and the leader of their gang)?Chris Chambers
67%
What's the name of the book by Stephen King?The Body
67%
Whose dad is "the loony up in Togus?"Teddy Duchamp
65%
What's the name of Milo Pressman's dog?Chopper
62%
Who is the narrator/ main character?Gordie Lachance
62%
Where did Vern hide his pennies?Under the porch
58%
Where is the film set?Castle Rock, Oregon
56%
Who plays Teddy?Corey Feldman
56%
Who plays Gordie?Wil Wheaton
56%
What's Chris's brother's name?Eyeball Chambers
54%
Who plays Vern?Jerry O'Connell
48%
Whose body are they looking for?Ray Brower
46%
What's the name of Gordie's brother who died?Denny Lachance
40%
Who is the scaredy-cat?Vern Tessio
40%
Who is the leader of the hoods?Ace Merrill
27%

Score Distribution

Percentile by Number Answered

Percent of People with Each Score

Your Score History

You have not taken this quiz